000 00462nam a2200145 a 4500
008 120416s1982 ||||||||||||||||| || u
020 _a0860093735
050 _aPR 6068.U86 Rus
100 _aRussell, Martin
245 1 0 _aDeath fuse
260 _aLondon
_bWilliam Collins and Sons
_c1982
300 _a330p.
350 _a0.00
995 _D0.00
_FCBU-MAIN LIBRARY (Kitwe)
_H1
_I8.95
_M1
_ULOST
_ZFiction Collection
999 _c39461
_d39461